000 01332nam a22004810a 4500
001 PT57184
003 AR-LpoUNG
005 20210131231811.0
008 191001s2010||||mx |||||||||||||||||spa d
020 _a9786070302084
_c$54,50
040 _aAR-LpoUNG
_bspa
_cAR-LpoUNG
_eaacr
041 _aspa
044 _amx
082 0 _a980.02 151his
100 1 _aGaleana, Patricia
_ecomp.
245 1 0 _aHistoria comparada de las Américas :
_bsus procesos independentistas
250 _a1ra. ed.
260 _aMéxico, D. F. :
_bSiglo Veintiuno,
_c2010.
300 _a781 p. :
_bil., fot., gráfs.
650 4 _aAMERICA CENTRAL
650 4 _aAMERICA DEL SUR
650 4 _aAMERICA LATINA
650 4 _aANALISIS HISTORICO
650 4 _aASPECTOS ECONOMICOS
650 4 _aCULTURA POPULAR
650 4 _aESPAÑA
650 4 _aGUERRA
650 4 _aHISTORIA
650 4 _aHISTORIA POLITICA
650 4 _aINDEPENDENCIA
650 4 _aLIBERTAD
650 4 _aMOVIMIENTOS DE LIBERACION NACIONAL
650 4 _aREVOLUCION
650 4 _aSOBERANIA
650 4 _aSOBERANIA
650 4 _aSOCIEDAD
651 4 _aAmérica Latina
700 1 _aBorrero Mutis, Santiago
_epres.
700 1 _aMorales Flores, Melquíades
_epres.
700 1 _aSantana Hernández, Adalberto
_epres.
905 _a57184
942 _cLIB
999 _c11998
_d11998